| 000 | 01751nab a2200253 i 4500 | ||
|---|---|---|---|
| 001 | 768714001 | ||
| 003 | CO-MdFUSB | ||
| 005 | 20240620151940.0 | ||
| 008 | 240620t1993 us ||||| |||| 00| 0 eng d | ||
| 040 |
_bspa _cCO-MdFUSB _dCO-MdFUSB |
||
| 041 | _aeng | ||
| 100 |
_aShenk, Calvin E., _eautor |
||
| 245 |
_aThe demise of the church in North Africa and Nubia and its survival in Egypt and Ethiopia: _ba question of contextualization? _c/ Calvin E. Shenk |
||
| 520 | _aLa desaparición de la iglesia en el norte de África y Nubia y su supervivencia en Egipto y Etiopía han fascinado durante mucho tiempo a los historiadores y misiólogos de la iglesia. Las cuatro iglesias habían tenido encuentros sostenidos con el nacionalismo árabe y la expansión religiosa musulmana. Dos iglesias perdieron el alma y dos se conservaron. ¿En qué medida la muerte o la supervivencia estuvieron condicionadas por factores externos o internos? El autor sugiere que el grado de contextualización fue un factor muy significativo. Las iglesias arraigadas en la cultura local resistieron la amenaza del Islam, pero cuando la fe dependía demasiado de fuentes externas o de elites coloniales internas, no contaban con la propiedad adecuada y, por lo tanto, sucumbieron a la presión islámica. | ||
| 546 | _atexto en inglés. | ||
| 650 | 0 |
_aHistoria de la Iglesia _9153 |
|
| 650 | 7 |
_aReligión y cultura _9388 |
|
| 650 | 7 |
_aIslamismo y otras religiones _96914 |
|
| 650 | 7 |
_aAntropología cultural y social _96714 |
|
| 653 | _aNorte de África | ||
| 773 | 0 |
_049486 _961128 _d Pasadena _oR0886 _tMissiology: _w(CO-MdFUSB)97 _gVolumen 21, (número 2, 1993) páginas: 131 - 154 _qpágina: 131 |
|
| 942 | _cANA | ||
| 945 | _aCatherine Arias Álvarez - Practicante SENA | ||
| 999 |
_c70327 _d70327 |
||